Pense au même chanteur que moi #1 - Statistiques

Statistiques générales
  • Ce quiz a été pris 133 fois
  • Le résultat moyen est 6 sur 15
Statistiques - réponses
Hint Réponse % Correct
Vélodrome Jul
98%
Puuuuute Kaaris
67%
Cagoule Kalash criminel
57%
Okay Naps
57%
Mamène Lorenzo
53%
Dem dem Booba
48%
Djoufara Favé
43%
Mais comment vous m’avez trouver MisterV
43%
Antisemitism Freeze corleone
39%
Salade tomate et sans oignons Niska
35%
Bien ou quoi Bosh
33%
C’est carré Werenoi
30%
Et salut et t’as bien dormi, et nique ta mere Vald
24%
The voice 2014 Kendji girac
13%
Le rat / Isma Elias B4C
1%
Aucun quiz correspondant
Distribution des résultats
% des personnes avec chaque résultat
Percentile par nombre de réponses
Votre historique - résultats
Vous n’avez pas pris ce quiz